[Event "SVK-chT4 A21 2122"]
[Site "Slovakia"]
[Date "2022.03.27"]
[Round "11.2"]
[White "Krchnak, Rudolf"]
[Black "Visvader, Kristof"]
[Result "1/2-1/2"]
[WhiteElo "1619"]
[BlackElo "1545"]
[PlyCount "64"]
[EventDate "2021.10.17"]
[EventType "team-tourn"]
[EventRounds "11"]
[EventCountry "SVK"]
[SourceTitle "EXT 2024"]
[Source "ChessBase"]
[SourceDate "2023.10.10"]
[SourceVersion "1"]
[SourceVersionDate "2023.10.10"]
[SourceQuality "1"]
[WhiteTeam "Vrbove II"]
[BlackTeam "Borsky Mikulas"]
[WhiteTeamCountry "SVK"]
[BlackTeamCountry "SVK"]

1. d4 d5 2. Nf3 Nf6 3. e3 Bg4 4. Nbd2 Nc6 5. c3 e6 6. Bd3 Bd6 7. h3 Bh5 8. Qc2 Qd7 9. e4 dxe4 10. Nxe4 Nxe4 11. Bxe4 0-0-0 12. Be3 Bg6 13. Bxg6 hxg6 14. 0-0-0 Ne7 15. Ne5 Bxe5 16. dxe5 Qc6 17. f3 Qa6 18. Kb1 Nc6 19. f4 Rxd1+ 20. Rxd1 Rd8 21. Rxd8+ Kxd8 22. Qf2 Qd3+ 23. Kc1 a6 24. Qd2 Qxd2+ 25. Kxd2 f6 26. exf6 gxf6 27. Kd3 Kd7 28. g4 f5 29. Bd4 Nxd4 30. Kxd4 Kd6 31. c4 c5+ 32. Ke3 b6 1/2-1/2

[Event "SVK-chT4 A21 2122"]
[Site "Slovakia"]
[Date "2022.03.13"]
[Round "10.2"]
[White "Sebesta, Radovan"]
[Black "Krchnak, Rudolf"]
[Result "1-0"]
[WhiteElo "1996"]
[BlackElo "1619"]
[PlyCount "85"]
[EventDate "2021.10.17"]
[EventType "team-tourn"]
[EventRounds "11"]
[EventCountry "SVK"]
[SourceTitle "EXT 2024"]
[Source "ChessBase"]
[SourceDate "2023.10.10"]
[SourceVersion "1"]
[SourceVersionDate "2023.10.10"]
[SourceQuality "1"]
[WhiteTeam "Senica"]
[BlackTeam "Vrbove II"]
[WhiteTeamCountry "SVK"]
[BlackTeamCountry "SVK"]

1. d4 Nf6 2. c4 c5 3. d5 d6 4. Nc3 g6 5. Nf3 Bg7 6. g3 0-0 7. Bg2 Re8 8. 0-0 Na6 9. Re1 Rb8 10. Bg5 Nc7 11. Qd3 e6 12. dxe6 fxe6 13. e4 Qe7 14. Rad1 Qf8 15. Qxd6 Qxd6 16. Rxd6 h6 17. Bc1 Bf8 18. Rdd1 b6 19. Bf4 Rb7 20. Bd6 Bxd6 21. Rxd6 Kf7 22. e5 Ke7 23. exf6+ Kxd6 24. Rd1+ Nd5 25. cxd5 Rf7 26. Nb5+ Kd7 27. dxe6+ Kxe6 28. Rd6+ Kf5 29. Nh4+ Kg5 30. f4+ Kg4 31. Kf2 g5 32. Bf3+ Kh3 33. Bh5 gxh4 34. Bxf7 hxg3+ 35. hxg3 Rf8 36. Bd5 a6 37. Nc3 b5 38. f7 h5 39. Rg6 Bb7 40. Bxb7 Rxf7 41. Bg2+ Kh2 42. Rh6 Rf5 43. Be4 1-0

[Event "SVK-chT4 A21 1920"]
[Site "Slovakia"]
[Date "2020.02.09"]
[Round "8.2"]
[White "Vach, Jozef"]
[Black "Krchnak, Rudolf"]
[Result "1/2-1/2"]
[WhiteElo "1709"]
[BlackElo "1678"]
[PlyCount "100"]
[EventDate "2019.10.13"]
[EventType "team-tourn"]
[EventRounds "11"]
[EventCountry "SVK"]
[SourceTitle "CBM 195 Extra"]
[Source "ChessBase"]
[SourceDate "2020.05.31"]
[SourceVersion "1"]
[SourceVersionDate "2020.05.31"]
[SourceQuality "1"]
[WhiteTeam "Holic II"]
[BlackTeam "Vrbove II"]
[WhiteTeamCountry "SVK"]
[BlackTeamCountry "SVK"]

1. e4 g6 2. d4 Bg7 3. c4 c5 4. Be3 cxd4 5. Bxd4 Bxd4 6. Qxd4 Nf6 7. e5 Nc6 8. Qc3 Ng4 9. e6 0-0 10. exf7+ Rxf7 11. Nf3 Qa5 12. h3 Nge5 13. Nxe5 Qxe5+ 14. Qxe5 Nxe5 15. Be2 b6 16. 0-0 Bb7 17. Nd2 Rc8 18. b3 d5 19. f4 Nd7 20. Bg4 Rc7 21. Be6 Nc5 22. Bxf7+ Kxf7 23. Nf3 dxc4 24. Ne5+ Kf6 25. Nxc4 Ne4 26. Kh2 Ba6 27. Rfc1 Rd7 28. Rd1 Rc7 29. Rac1 Rc5 30. Ne3 Ra5 31. Rc2 Nd6 32. g4 h6 33. h4 Ne4 34. Rd4 Nd6 35. Nd5+ Kf7 36. a4 Bb7 37. Nc3 Rc5 38. Rdd2 Bc8 39. Kg3 Rxc3+ 40. Rxc3 Ne4+ 41. Kh3 Be6 42. Rcd3 Nxd2 43. Rxd2 Bxb3 44. Rd4 Be6 45. Kg3 Ke8 46. Kf3 Bd7 47. g5 h5 48. Ke4 a6 49. Ke5 b5 50. axb5 axb5 1/2-1/2

[Event "SVK-chT4 A21 1920"]
[Site "Slovakia"]
[Date "2020.01.26"]
[Round "7.2"]
[White "Drozd, Jan"]
[Black "Krchnak, Rudolf"]
[Result "1/2-1/2"]
[WhiteElo "1513"]
[BlackElo "1678"]
[PlyCount "81"]
[EventDate "2019.10.13"]
[EventType "team-tourn"]
[EventRounds "11"]
[EventCountry "SVK"]
[SourceTitle "CBM 194 Extra"]
[Source "ChessBase"]
[SourceDate "2020.03.31"]
[SourceVersion "1"]
[SourceVersionDate "2020.03.31"]
[SourceQuality "1"]
[WhiteTeam "Senica CVC II"]
[BlackTeam "Vrbove II"]
[WhiteTeamCountry "SVK"]
[BlackTeamCountry "SVK"]

1. e4 d6 2. d4 g6 3. Nf3 Bg7 4. Nc3 a6 5. Be3 Nd7 6. Be2 b5 7. a3 Bb7 8. 0-0 e6 9. Qd2 h6 10. d5 e5 11. Rad1 Ndf6 12. h3 Ne7 13. Nh2 Bc8 14. f4 Nd7 15. f5 gxf5 16. exf5 Nf6 17. g4 Bb7 18. Bf3 Nd7 19. Be4 f6 20. Nf3 Kf7 21. Nh4 h5 22. g5 fxg5 23. Ng6 Nxg6 24. fxg6+ Kg8 25. Bxg5 Bf6 26. Rxf6 Nxf6 27. Rf1 Nxe4 28. Nxe4 Qc8 29. Nf6+ Kg7 30. Qd3 c5 31. Nh7 Rxh7 32. Rf7+ Kg8 33. Rxh7 c4 34. Qf3 Qc5+ 35. Kh2 Qxd5 36. Qxd5+ Bxd5 37. Rd7 Be4 38. c3 Bxg6 39. Rxd6 Bf7 40. Kg3 Ra7 41. Bf6 1/2-1/2

[Event "SVK-chT4 A21 1920"]
[Site "Slovakia"]
[Date "2019.12.15"]
[Round "5.2"]
[White "Mraz, Jan"]
[Black "Krchnak, Rudolf"]
[Result "1-0"]
[WhiteElo "1661"]
[BlackElo "1678"]
[PlyCount "117"]
[EventDate "2019.10.13"]
[EventType "team-tourn"]
[EventRounds "11"]
[EventCountry "SVK"]
[SourceTitle "CBM 194 Extra"]
[Source "ChessBase"]
[SourceDate "2020.03.31"]
[SourceVersion "1"]
[SourceVersionDate "2020.03.31"]
[SourceQuality "1"]
[WhiteTeam "Gbely Nafta III"]
[BlackTeam "Vrbove II"]
[WhiteTeamCountry "SVK"]
[BlackTeamCountry "SVK"]

1. d4 Nf6 2. e3 e6 3. Bd3 c5 4. c3 cxd4 5. cxd4 Bb4+ 6. Bd2 Qa5 7. a3 Bxd2+ 8. Qxd2 Qxd2+ 9. Nxd2 0-0 10. Ngf3 d5 11. 0-0 Nc6 12. Rac1 a6 13. Rc3 Bd7 14. Rfc1 Rfc8 15. h3 h6 16. b4 Ne7 17. Rc7 b5 18. R1c2 Rxc7 19. Rxc7 Rc8 20. Rc5 Ne8 21. Nb3 f6 22. e4 Nd6 23. e5 Nc4 24. Bxc4 dxc4 25. Nc1 Nd5 26. Ne1 Kf7 27. exf6 gxf6 28. Nc2 Ke7 29. Kf1 Kd6 30. Ke2 Bc6 31. g3 Nc3+ 32. Ke3 Nd5+ 33. Kd2 Rg8 34. Ne3 f5 35. Nxd5 exd5 36. Ne2 Re8 37. f3 Ra8 38. Nc3 h5 39. Ke3 Re8+ 40. Kd2 Rg8 41. Ne2 Ra8 42. Nc3 h4 43. g4 fxg4 44. fxg4 Rf8 45. Ke3 Rf1 46. g5 Rh1 47. Kf4 Rxh3 48. Ne2 Rh2 49. Ng1 Rh1 50. Nf3 Rf1 51. g6 h3 52. Kg3 h2 53. Kxh2 Bd7 54. Ne5 Rf8 55. Kg3 Rg8 56. Kf4 Be8 57. Kg5 Rh8 58. Rc8 Ke7 59. Rc7+ 1-0

[Event "SVK-chT4 A21 1819"]
[Site "Slovakia"]
[Date "2019.03.03"]
[Round "10.5"]
[White "Krchnak, Rudolf"]
[Black "Pisecky, Jan"]
[Result "0-1"]
[WhiteElo "1637"]
[BlackElo "1331"]
[PlyCount "72"]
[EventDate "2018.10.14"]
[EventType "team-tourn"]
[EventRounds "11"]
[EventCountry "SVK"]
[SourceTitle "CBM 189 Extra"]
[Source "ChessBase"]
[SourceDate "2019.05.31"]
[SourceVersion "1"]
[SourceVersionDate "2019.05.31"]
[SourceQuality "1"]
[WhiteTeam "Vrbove II"]
[BlackTeam "Kopcany"]
[WhiteTeamCountry "SVK"]
[BlackTeamCountry "SVK"]

1. d4 e6 2. Nf3 c6 3. e3 Nf6 4. Bd3 d5 5. Nbd2 Nbd7 6. 0-0 Bd6 7. Re1 e5 8. e4 0-0 9. dxe5 Nxe5 10. Nxe5 Bxe5 11. exd5 Bxh2+ 12. Kxh2 Ng4+ 13. Kg1 Qh4 14. Nf3 Qxf2+ 15. Kh1 Qg3 16. Be3 Re8 17. Qd2 Re5 18. Re2 Rh5+ 19. Kg1 Nh2 20. Be4 g5 21. Bf2 Nxf3+ 22. Bxf3 Qh2+ 23. Kf1 Qh1+ 24. Bg1 g4 25. Re8+ Kg7 26. Qd4+ f6 27. Be4 Kf7 28. Re1 b6 29. c4 c5 30. Bg6+ Kxg6 31. Qe3 Rf5+ 32. Ke2 Qxg2+ 33. Bf2 Qf3+ 34. Qxf3 gxf3+ 35. Kd2 Bb7 36. Rxa8 Bxa8 0-1

[Event "SVK-chT4 A21 1819"]
[Site "Slovakia"]
[Date "2018.12.16"]
[Round "5.3"]
[White "Krchnak, Rudolf"]
[Black "Hrdlicka, Martin"]
[Result "0-1"]
[WhiteElo "1637"]
[BlackElo "1465"]
[PlyCount "70"]
[EventDate "2018.10.14"]
[EventType "team-tourn"]
[EventRounds "11"]
[EventCountry "SVK"]
[SourceTitle "CBM 189 Extra"]
[Source "ChessBase"]
[SourceDate "2019.05.31"]
[SourceVersion "1"]
[SourceVersionDate "2019.05.31"]
[SourceQuality "1"]
[WhiteTeam "Vrbove II"]
[BlackTeam "Senica CVC II"]
[WhiteTeamCountry "SVK"]
[BlackTeamCountry "SVK"]

1. d4 d5 2. Nf3 Nf6 3. e3 Bg4 4. Nbd2 e6 5. Bd3 Bd6 6. h3 Bxf3 7. Nxf3 0-0 8. 0-0 Nbd7 9. Re1 Ne4 10. c4 c6 11. c5 Bc7 12. Bxe4 dxe4 13. Nd2 f5 14. Qb3 Rf6 15. Qxb7 Rg6 16. Qa6 Qh4 17. Kh1 Qxf2 18. Qf1 Qg3 19. Qg1 Rh6 20. Re2 Rf8 21. Nf1 Qg4 22. Qf2 Rff6 23. Nh2 Qg5 24. Bd2 Rfg6 25. b4 Nf6 26. Qf1 Nh5 27. Be1 Bg3 28. Nf3 exf3 29. Qxf3 Bxe1 30. Rexe1 Ng3+ 31. Kh2 Ne4 32. Rac1 Qg4 33. Qxg4 fxg4 34. b5 gxh3 35. gxh3 Nf2 0-1

[Event "SVK-chT4 A21 1819"]
[Site "Slovakia"]
[Date "2018.11.11"]
[Round "3.5"]
[White "Krchnak, Rudolf"]
[Black "Triska, Martin"]
[Result "1-0"]
[WhiteElo "1637"]
[BlackElo "1000"]
[PlyCount "53"]
[EventDate "2018.10.14"]
[EventType "team-tourn"]
[EventRounds "11"]
[EventCountry "SVK"]
[SourceTitle "CBM 189 Extra"]
[Source "ChessBase"]
[SourceDate "2019.05.31"]
[SourceVersion "1"]
[SourceVersionDate "2019.05.31"]
[SourceQuality "1"]
[WhiteTeam "Vrbove II"]
[BlackTeam "Piestany Kupele III"]
[WhiteTeamCountry "SVK"]
[BlackTeamCountry "SVK"]

1. d4 d5 2. Nf3 Nc6 3. e3 Bg4 4. c3 Nf6 5. Bd3 e5 6. Be2 Bd6 7. dxe5 Bxe5 8. Nxe5 Nxe5 9. Bxg4 Nfxg4 10. f4 Qh4+ 11. g3 Qh3 12. fxe5 Qg2 13. Rf1 Nxh2 14. Rf2 Qg1+ 15. Ke2 Qxg3 16. Qh1 Ng4 17. Rg2 Qxe5 18. Rxg4 0-0-0 19. Qh3 f5 20. Qg3 Qxg3 21. Rxg3 Rdg8 22. Na3 h5 23. Bd2 h4 24. Rg5 g6 25. Rh1 Kd7 26. Be1 h3 27. Bg3 1-0

[Event "SVK-chT3A2 1718"]
[Site "Slovakia"]
[Date "2017.10.22"]
[Round "2.5"]
[White "Krchnak, Rudolf"]
[Black "Kanka, Tomas"]
[Result "0-1"]
[WhiteElo "1711"]
[BlackElo "1711"]
[PlyCount "76"]
[EventDate "2017.10.08"]
[EventType "team-tourn"]
[EventRounds "11"]
[EventCountry "SVK"]
[SourceTitle "EXT 2020"]
[Source "ChessBase"]
[SourceDate "2019.10.17"]
[SourceVersion "1"]
[SourceVersionDate "2019.10.17"]
[SourceQuality "1"]
[WhiteTeam "Vrbove"]
[BlackTeam "Gbely Nafta II"]
[WhiteTeamCountry "SVK"]
[BlackTeamCountry "SVK"]

1. d4 Nf6 2. Nc3 d5 3. Bg5 c6 4. e3 Ne4 5. Nxe4 dxe4 6. c3 Qd5 7. Bf4 e6 8. Qc2 Nd7 9. Ne2 f5 10. Bc7 Nf6 11. Nf4 Qd7 12. Be5 Ng4 13. Bc4 Nxe5 14. dxe5 Qc7 15. Qb3 Qxe5 16. Bxe6 Bxe6 17. Nxe6 b6 18. 0-0-0 Be7 19. g3 Bf6 20. Rd2 a5 21. Rhd1 a4 22. Qc4 Rc8 23. Rd6 b5 24. Qb4 Be7 25. Qd4 Bxd6 26. Nxg7+ Kf7 27. Qxe5 Bxe5 28. Nxf5 Rhd8 29. Rxd8 Rxd8 30. Nh4 a3 31. f4 exf3 32. Nxf3 Bf6 33. Nd4 Bxd4 34. exd4 axb2+ 35. Kxb2 Ke6 36. Kb3 Kd5 37. g4 Rf8 38. g5 Rf4 0-1

[Event "SVK-chT4 A21 1516"]
[Site "Slovakia"]
[Date "2016.04.03"]
[Round "11.2"]
[White "Krchnak, Rudolf"]
[Black "Chabada, Tomas1"]
[Result "0-1"]
[WhiteElo "1728"]
[BlackElo "1947"]
[PlyCount "92"]
[EventDate "2015.10.04"]
[EventType "team-tourn"]
[EventRounds "11"]
[EventCountry "SVK"]
[SourceTitle "EXT 2018"]
[Source "ChessBase"]
[SourceDate "2017.10.13"]
[SourceVersion "1"]
[SourceVersionDate "2017.10.13"]
[SourceQuality "1"]
[WhiteTeam "Vrbove II"]
[BlackTeam "Holic"]
[WhiteTeamCountry "SVK"]
[BlackTeamCountry "SVK"]

1. d4 d5 2. Nc3 Nf6 3. Bg5 Nbd7 4. e3 h6 5. Bh4 c6 6. Bd3 e5 7. f3 Be7 8. Nge2 e4 9. fxe4 Nxe4 10. Bxe7 Qxe7 11. Bxe4 dxe4 12. 0-0 Nf6 13. Ng3 Bg4 14. Qd2 0-0-0 15. Na4 Kb8 16. c4 Rhe8 17. a3 Be6 18. Rac1 Ng4 19. h3 Ne5 20. Nxe4 Nxc4 21. Qc3 Bd5 22. Nec5 Nxe3 23. Rf2 Qg5 24. Qb4 Re7 25. Na6+ Ka8 26. Qa5 Rc8 27. N6c5 Kb8 28. Qd2 Rce8 29. Nc3 f6 30. Nxd5 Nxd5 31. Qxg5 hxg5 32. Rcc2 Re1+ 33. Kh2 Nf4 34. Nd7+ Kc7 35. Nc5 b6 36. Na4 Rd1 37. Rcd2 Rxd2 38. Rxd2 Re2 39. Rxe2 Nxe2 40. Nc3 Nxc3 41. bxc3 Kd6 42. c4 b5 43. cxb5 cxb5 44. Kg3 Kd5 45. h4 gxh4+ 46. Kxh4 g6 0-1

[Event "SVK-chT4 A21 1516"]
[Site "Slovakia"]
[Date "2016.01.24"]
[Round "7.4"]
[White "Musaev, Matej Elbek"]
[Black "Krchnak, Rudolf"]
[Result "0-1"]
[WhiteElo "1501"]
[BlackElo "1751"]
[PlyCount "50"]
[EventDate "2015.10.04"]
[EventType "team-tourn"]
[EventRounds "11"]
[EventCountry "SVK"]
[SourceTitle "EXT 2017"]
[Source "ChessBase"]
[SourceDate "2016.10.25"]
[SourceVersion "1"]
[SourceVersionDate "2016.10.25"]
[SourceQuality "1"]
[WhiteTeam "Piestany Kupele II"]
[BlackTeam "Vrbove II"]
[WhiteTeamCountry "SVK"]
[BlackTeamCountry "SVK"]

1. e4 c5 2. c3 d6 3. d4 cxd4 4. cxd4 g6 5. Be3 Bg7 6. Qd2 Nf6 7. Nc3 0-0 8. Bh6 Nc6 9. Be2 Qb6 10. Bxg7 Kxg7 11. Nf3 Bg4 12. d5 Bxf3 13. Bxf3 Ne5 14. Be2 a6 15. 0-0 Rac8 16. Rac1 Nc4 17. Bxc4 Rxc4 18. Rc2 Rfc8 19. Rfc1 Qc7 20. f3 b5 21. Kh1 b4 22. e5 dxe5 23. d6 Qxd6 24. Ne4 Qxd2 25. Nxd2 Rxc2 0-1

[Event "SVK-chT3A2 1516"]
[Site "Slovakia"]
[Date "2016.01.17"]
[Round "6.5"]
[White "Krchnak, Rudolf"]
[Black "Kincel, Frantisek"]
[Result "1/2-1/2"]
[WhiteElo "1795"]
[BlackElo "1867"]
[PlyCount "124"]
[EventDate "2015.10.11"]
[EventType "team-tourn"]
[EventRounds "11"]
[EventCountry "SVK"]
[SourceTitle "EXT 2020"]
[Source "ChessBase"]
[SourceDate "2019.10.17"]
[SourceVersion "1"]
[SourceVersionDate "2019.10.17"]
[SourceQuality "1"]
[WhiteTeam "Vrbove"]
[BlackTeam "Sered MSK"]
[WhiteTeamCountry "SVK"]
[BlackTeamCountry "SVK"]

1. d4 Nf6 2. Nc3 e6 3. Bg5 h6 4. Bh4 Be7 5. e3 b6 6. Be2 d5 7. Nf3 Nbd7 8. Bg3 a6 9. Ne5 Nxe5 10. Bxe5 0-0 11. Bf3 Bb7 12. 0-0 Bd6 13. Bxd6 Qxd6 14. Re1 Rad8 15. a3 Rfe8 16. Rc1 e5 17. dxe5 Rxe5 18. Ne2 c5 19. c3 Qc7 20. Qc2 Bc8 21. Rcd1 Bg4 22. Bxg4 Nxg4 23. h3 Nf6 24. Rd2 Ne4 25. Rd3 Qc6 26. f3 Nf6 27. Red1 Rde8 28. e4 dxe4 29. Rd6 Qb7 30. f4 R5e6 31. Qb3 Qc7 32. Rxe6 Rxe6 33. Qc2 Qc6 34. Ng3 Re8 35. Nf5 c4 36. Ne3 b5 37. g3 Qc5 38. Qd2 Kh7 39. Kf2 Re7 40. Qd6 Qa7 41. Qd4 Qb7 42. Nd5 Nxd5 43. Qxd5 Qxd5 44. Rxd5 g6 45. Re5 Rd7 46. Rxe4 Rd2+ 47. Re2 Rxe2+ 48. Kxe2 f5 49. Ke3 g5 50. Kd4 Kg6 51. a4 gxf4 52. gxf4 Kh5 53. axb5 axb5 54. Kc5 Kh4 55. Kxb5 Kxh3 56. Kxc4 Kg3 57. b4 h5 58. b5 h4 59. b6 h3 60. b7 h2 61. b8Q h1Q 62. Qe5 Qf1+ 1/2-1/2

[Event "SVK-chT4 A21 1516"]
[Site "Slovakia"]
[Date "2016.01.10"]
[Round "6.5"]
[White "Krchnak, Rudolf"]
[Black "Pripko, Bystrik"]
[Result "1/2-1/2"]
[WhiteElo "1787"]
[BlackElo "1683"]
[PlyCount "84"]
[EventDate "2015.10.04"]
[EventType "team-tourn"]
[EventRounds "11"]
[EventCountry "SVK"]
[SourceTitle "CBM 170 Extra"]
[Source "ChessBase"]
[SourceDate "2016.02.25"]
[SourceVersion "1"]
[SourceVersionDate "2016.02.25"]
[SourceQuality "1"]
[WhiteTeam "Vrbove II"]
[BlackTeam "Chtelnica Kamenar"]
[WhiteTeamCountry "SVK"]
[BlackTeamCountry "SVK"]

1. d4 d5 2. Nc3 Nf6 3. Bg5 c6 4. Bxf6 exf6 5. e3 Bd6 6. Bd3 f5 7. Qf3 g6 8. Nge2 Nd7 9. Ng3 Nf6 10. 0-0 0-0 11. Qd1 Ng4 12. Be2 h5 13. Bxg4 hxg4 14. f4 Kg7 15. Kf2 Rh8 16. Rh1 Qe7 17. a3 Bd7 18. Qd2 Rh7 19. Rae1 Rah8 20. Kg1 Qd8 21. Nce2 Be6 22. Nc1 Rh6 23. Nd3 f6 24. c3 R8h7 25. Qc2 Qh8 26. Nf1 Qb8 27. g3 b6 28. b4 b5 29. a4 a6 30. a5 Kf7 31. Nd2 Qh8 32. Nb3 Rh3 33. Qg2 Qa8 34. Nbc5 Bxc5 35. Nxc5 Qc8 36. Nd3 Rh8 37. Re2 Qa8 38. Kf1 Qd8 39. Ke1 Qa8 40. Kd2 Qd8 41. Ree1 R8h7 42. Nf2 R3h5 1/2-1/2

[Event "SVK-chT3A2 1516"]
[Site "Slovakia"]
[Date "2015.11.15"]
[Round "3.1"]
[White "Krchnak, Rudolf"]
[Black "Barca, Michal"]
[Result "0-1"]
[WhiteElo "1795"]
[BlackElo "1837"]
[PlyCount "56"]
[EventDate "2015.10.11"]
[EventType "team-tourn"]
[EventRounds "11"]
[EventCountry "SVK"]
[SourceTitle "EXT 2020"]
[Source "ChessBase"]
[SourceDate "2019.10.17"]
[SourceVersion "1"]
[SourceVersionDate "2019.10.17"]
[SourceQuality "1"]
[WhiteTeam "Vrbove"]
[BlackTeam "Hlohovec"]
[WhiteTeamCountry "SVK"]
[BlackTeamCountry "SVK"]

1. d4 Nf6 2. Nc3 e6 3. Bg5 b6 4. e4 Be7 5. Bd3 Bb7 6. Be3 0-0 7. Qf3 d6 8. Qg3 Kh8 9. Nf3 Nbd7 10. e5 dxe5 11. dxe5 Nh5 12. Qh3 g6 13. g4 Bxf3 14. gxh5 Nxe5 15. Rg1 Bb4 16. hxg6 Nxd3+ 17. cxd3 fxg6 18. Rg3 Qxd3 19. Rxf3 Bxc3+ 20. bxc3 Qxc3+ 21. Kf1 Qxa1+ 22. Kg2 Rxf3 23. Qxf3 Rg8 24. Qf4 c5 25. Qc4 Qe5 26. Bd2 Qd5+ 27. Qxd5 exd5 28. Bf4 Re8 0-1

[Event "SVK-chT3A2 1516"]
[Site "Slovakia"]
[Date "2015.10.25"]
[Round "2.6"]
[White "Krchnak, Rudolf"]
[Black "Vlkovic, Pavol"]
[Result "0-1"]
[WhiteElo "1795"]
[BlackElo "1803"]
[PlyCount "76"]
[EventDate "2015.10.11"]
[EventType "team-tourn"]
[EventRounds "11"]
[EventCountry "SVK"]
[SourceTitle "EXT 2020"]
[Source "ChessBase"]
[SourceDate "2019.10.17"]
[SourceVersion "1"]
[SourceVersionDate "2019.10.17"]
[SourceQuality "1"]
[WhiteTeam "Vrbove"]
[BlackTeam "Cifer"]
[WhiteTeamCountry "SVK"]
[BlackTeamCountry "SVK"]

1. d4 Nf6 2. Nc3 g6 3. e4 d6 4. f4 c6 5. Nf3 Bg7 6. Be3 0-0 7. Be2 b5 8. a3 Ng4 9. Bg1 a6 10. h3 Nf6 11. g4 Qa5 12. b4 Qc7 13. e5 dxe5 14. dxe5 Rd8 15. Bd3 Nd5 16. Nxd5 cxd5 17. Qe2 Qc3+ 18. Kf2 Qxa1 19. Kg2 Qxa3 20. Bc5 e6 21. h4 Nd7 22. Be7 Re8 23. Bd6 Bf8 24. Bxf8 Nxf8 25. Qe1 Bb7 26. h5 d4 27. hxg6 Bxf3+ 28. Kxf3 fxg6 29. Kg2 Qc3 30. Qf2 Ra7 31. Rf1 Ree7 32. f5 gxf5 33. gxf5 Qc6+ 34. Kh2 exf5 35. Rg1+ Rg7 36. Qxf5 Rxg1 37. Kxg1 Rg7+ 38. Kf2 Rf7 0-1

[Event "SVK-chT3A2 1415"]
[Site "Slovakia"]
[Date "2015.03.22"]
[Round "11.6"]
[White "Matis, Tibor1"]
[Black "Krchnak, Rudolf"]
[Result "0-1"]
[WhiteElo "1664"]
[BlackElo "1796"]
[PlyCount "116"]
[EventDate "2014.10.19"]
[EventType "team-tourn"]
[EventRounds "11"]
[EventCountry "SVK"]
[SourceTitle "EXT 2019"]
[Source "ChessBase"]
[SourceDate "2018.10.10"]
[SourceVersion "1"]
[SourceVersionDate "2018.10.10"]
[SourceQuality "1"]

1. e4 c5 2. Nf3 d6 3. d4 cxd4 4. Nxd4 Nf6 5. Nc3 a6 6. Bd3 e5 7. Nb3 Be6 8. 0-0 Be7 9. f4 Qc7 10. f5 Bc4 11. Be3 Nbd7 12. Rc1 d5 13. exd5 Nxd5 14. Bxc4 Nxe3 15. Bxf7+ Kf8 16. Qh5 Nf6 17. Qh3 Nxf1 18. Be6 Nxh2 19. Kxh2 Rd8 20. Re1 Bb4 21. g4 Bxc3 22. bxc3 e4+ 23. Kg2 Qf4 24. Re2 Qxg4+ 25. Qxg4 Nxg4 26. Rxe4 Nf6 27. Rb4 b5 28. Nd4 g6 29. Rb1 gxf5 30. Bxf5 Rd6 31. Re1 Kf7 32. Ne6 h6 33. Nf4 Rg8+ 34. Kf3 Rg5 35. Be6+ Kf8 36. Bb3 Rf5 37. Kg3 Nh5+ 38. Nxh5 Rxh5 39. Rf1+ Ke7 40. Rf7+ Kd8 41. Rf8+ Kc7 42. Rf7+ Kb6 43. Rf4 Rc5 44. c4 b4 45. Rf8 a5 46. Rb8+ Kc7 47. Rh8 Rg6+ 48. Kf3 Ra6 49. Rh7+ Kb8 50. Rh8+ Rc8 51. Rxc8+ Kxc8 52. Ba4 Rg6 53. Ke4 Kc7 54. Kd4 Rg4+ 55. Kd3 Kd6 56. Be8 Kc5 57. Bf7 Rg3+ 58. Kd2 Ra3 0-1

[Event "SVK-chT4A21 1415"]
[Site "Slovakia"]
[Date "2015.01.04"]
[Round "6.4"]
[White "Krchnak, Rudolf"]
[Black "Huska, Branislav"]
[Result "1-0"]
[WhiteElo "1796"]
[BlackElo "1689"]
[PlyCount "39"]
[EventDate "2014.10.12"]
[EventType "team-tourn"]
[EventRounds "11"]
[EventCountry "SVK"]
[SourceTitle "EXT 2022"]
[Source "ChessBase"]
[SourceDate "2021.10.06"]
[SourceVersion "1"]
[SourceVersionDate "2021.10.06"]
[SourceQuality "1"]
[WhiteTeam "Vrbove II"]
[BlackTeam "Senica Dragon II"]
[WhiteTeamCountry "SVK"]
[BlackTeamCountry "SVK"]

1. d4 Nf6 2. Nc3 d5 3. Bg5 e6 4. e4 h6 5. Bh4 g5 6. Bg3 Nxe4 7. Nxe4 dxe4 8. c3 Bd7 9. Qc2 Bc6 10. 0-0-0 Bd6 11. Ne2 Nd7 12. Bxd6 cxd6 13. Ng3 f5 14. Bc4 Qe7 15. d5 Ne5 16. dxc6 Nxc4 17. cxb7 Rb8 18. Qa4+ Kf7 19. Qxc4 Rxb7 20. Nxf5 1-0

[Event "SVK-chT3A2 1415"]
[Site "Slovakia"]
[Date "2014.12.14"]
[Round "5.3"]
[White "Vogl, Zdenek"]
[Black "Krchnak, Rudolf"]
[Result "1/2-1/2"]
[WhiteElo "1909"]
[BlackElo "1796"]
[PlyCount "56"]
[EventDate "2014.10.19"]
[EventType "team-tourn"]
[EventRounds "11"]
[EventCountry "SVK"]
[SourceTitle "EXT 2019"]
[Source "ChessBase"]
[SourceDate "2018.10.10"]
[SourceVersion "1"]
[SourceVersionDate "2018.10.10"]
[SourceQuality "1"]

1. e4 c5 2. Nf3 d6 3. d4 cxd4 4. Nxd4 Nf6 5. Nc3 a6 6. Bg5 e6 7. Bd3 Be7 8. 0-0 Nxe4 9. Bxe7 Nxc3 10. Bxd8 Nxd1 11. Bc7 Nxb2 12. Bxd6 Nxd3 13. cxd3 Kd7 14. Bg3 Nc6 15. Nf3 b5 16. Rac1 Bb7 17. Ne5+ Nxe5 18. Bxe5 Rac8 19. Bxg7 Rxc1 20. Rxc1 Rg8 21. Be5 Bxg2 22. Rc7+ Kd8 23. Rxf7 Be4+ 24. Bg3 Bxd3 25. Ra7 Rg4 26. Rxa6 Bf5 27. f3 Rb4 28. Kf2 Ra4 1/2-1/2

[Event "SVK-chT4A21 1415"]
[Site "Slovakia"]
[Date "2014.12.07"]
[Round "5.4"]
[White "Kozinka, Jan"]
[Black "Krchnak, Rudolf"]
[Result "1-0"]
[WhiteElo "1791"]
[BlackElo "1796"]
[PlyCount "115"]
[EventDate "2014.10.12"]
[EventType "team-tourn"]
[EventRounds "11"]
[EventCountry "SVK"]
[SourceTitle "EXT 2022"]
[Source "ChessBase"]
[SourceDate "2021.10.06"]
[SourceVersion "1"]
[SourceVersionDate "2021.10.06"]
[SourceQuality "1"]
[WhiteTeam "Modranka Komplet Juniors"]
[BlackTeam "Vrbove II"]
[WhiteTeamCountry "SVK"]
[BlackTeamCountry "SVK"]

1. e4 c5 2. Nf3 d6 3. d4 cxd4 4. Nxd4 Nf6 5. Nc3 a6 6. Bg5 e6 7. Bd3 Be7 8. 0-0 Qc7 9. Re1 Nbd7 10. Kh1 b5 11. a3 Bb7 12. f4 Nc5 13. e5 dxe5 14. fxe5 Nxd3 15. cxd3 Nd5 16. Bxe7 Qxe7 17. Ne4 0-0 18. Qg4 f5 19. exf6 Nxf6 20. Qxe6+ Qxe6 21. Nxe6 Rf7 22. Nd6 Rd7 23. Nxb7 Rxb7 24. Rad1 Kf7 25. h3 h6 26. Kg1 Rb6 27. Nc5 a5 28. Re5 Re8 29. Rxe8 Nxe8 30. Kf2 b4 31. a4 Rf6+ 32. Ke3 Nc7 33. Rd2 Ke7 34. d4 Rb6 35. Ke4 Ne8 36. Kd3 Nd6 37. Re2+ Kf7 38. Nd7 Rb7 39. Ne5+ Kf6 40. Nc4 Nxc4 41. Kxc4 Rc7+ 42. Kd5 b3 43. Re6+ Kf7 44. Rb6 Rc2 45. Rxb3 Rxg2 46. Kd6 g5 47. d5 Rd2 48. Kc6 Rd4 49. d6 Rc4+ 50. Kd7 Rxa4 51. Rc3 Rb4 52. Kc7 Rxb2 53. d7 Rd2 54. d8Q Rxd8 55. Kxd8 h5 56. Ra3 Kg6 57. Rxa5 g4 58. h4 1-0